The Best of I witness : (Record no. 109278)
[ view plain ]
| 000 -LEADER | |
|---|---|
| fixed length control field | 00593nam a2200169 a 4500 |
| 005 - DATE AND TIME OF LATEST TRANSACTION | |
| control field | 20140414093841.0 |
| 008 - FIXED-LENGTH DATA ELEMENTS--GENERAL INFORMATION | |
| fixed length control field | 071008s19uu xx 00 eng d |
| 050 ## - LIBRARY OF CONGRESS CALL NUMBER | |
| Classification number | DVD 070 |
| Item number | GMA 2005 |
| 100 ## - MAIN ENTRY--PERSONAL NAME | |
| Personal name | GMA |
| 245 ## - TITLE STATEMENT | |
| Title | The Best of I witness : |
| Remainder of title | volume 1 / |
| Statement of responsibility, etc | GMA. |
| 260 ## - PUBLICATION, DISTRIBUTION, ETC. (IMPRINT) | |
| Place of publication, distribution, etc | Quezon City : |
| Name of publisher, distributor, etc | Felta Multi-media, |
| Date of publication, distribution, etc | c2005. |
| 300 ## - PHYSICAL DESCRIPTION | |
| Extent | 1 videodisk |
| 520 ## - SUMMARY, ETC. | |
| Summary, etc | Contents : 1. Basurero / Jay Taruc.-- 2. Huling prinsesa / Kara David.-- 3. Safari / Howie Severino.-- 4. Sa tuna't ginhawa / Sandra Aguinaldo.-- 5. Ayta / Raffy Tima. |
| 650 ## - SUBJECT ADDED ENTRY--TOPICAL TERM | |
| Topical term or geographic name as entry element | Documentary. |
| 942 ## - ADDED ENTRY ELEMENTS (KOHA) | |
| Koha item type | Audio Visual Materials |
| Withdrawn status | Lost status | Damaged status | Use restrictions | Home library | Current library | Shelving location | Date acquired | Source of acquisition | Total Checkouts | Total Renewals | Full call number | Barcode | Date last seen | Date checked out | Price effective from | Koha item type |
|---|---|---|---|---|---|---|---|---|---|---|---|---|---|---|---|---|
| Luxembourg Library | Luxembourg Library | Audio Visual Material Section | 10/08/2007 | 2 | 3 | DVD 070 GMA 2005 | AV0913 | 09/01/2015 | 08/05/2015 | 04/14/2014 | Audio Visual Materials |